<?xml version="1.0" encoding="UTF-8"?>
<marc:record xmlns:marc="http://www.loc.gov/MARC21/slim">
   <marc:leader>00000nam a2200000 a 4500</marc:leader>
   <marc:datafield ind1="1" ind2=" " tag="100">
      <marc:subfield code="a">Göbel, Tristan</marc:subfield>
   </marc:datafield>
   <marc:datafield ind1="1" ind2=" " tag="100">
      <marc:subfield code="a">Friedrich, Georg</marc:subfield>
   </marc:datafield>
   <marc:datafield ind1="1" ind2=" " tag="100">
      <marc:subfield code="a">Arslan, Thomas</marc:subfield>
   </marc:datafield>
   <marc:datafield ind1="0" ind2="0" tag="245">
      <marc:subfield code="a">Helle Nächte [Bildtonträger]</marc:subfield>
   </marc:datafield>
   <marc:datafield ind1="0" ind2="0" tag="245">
      <marc:subfield code="c">ein Film von Thomas Arslan. Mit Georg Friedrich, Tristan Göbel</marc:subfield>
   </marc:datafield>
   <marc:datafield ind1=" " ind2="1" tag="264">
      <marc:subfield code="b">Indigo</marc:subfield>
      <marc:subfield code="c">2018</marc:subfield>
   </marc:datafield>
   <marc:datafield ind1="1" ind2=" " tag="520">
      <marc:subfield code="a">Der in Berlin lebende Bauingenieur Michael erhält die Nachricht vom Tod seines Vaters. Zusammen mit seinem 14 jährigen Sohn Luis, zu dem er seit Jahren keinen Kontakt mehr hat, reist er zum Begräbnis in die Einsamkeit des nördlichen Norwegens, wohin sich Michaels Vater vor langer Zeit zurückgezogen hatte. Nach dem Begräbnis verbringen Michael und Luis noch einige Tage in der Region. Ihre erste gemeinsame Reise, von der sich Michael erhofft, seinem Sohn näher zu kommen, gestaltet sich schwieriger als erwartet. Der tägliche Umgang miteinander ist für beide ungewohnt und Luis´ Verletzungen wegen der jahrelangen Abwesenheit seines Vaters stehen zwischen ihnen. In den langen Tagen der Sommersonnenwende, in denen es auch nachts nicht dunkel wird, versucht Michael den Kreislauf der Wiederholungen zu durchbrechen.</marc:subfield>
   </marc:datafield>
   <marc:datafield ind1=" " ind2=" " tag="020">
      <marc:subfield code="a">4015698014488</marc:subfield>
      <marc:subfield code="9">4015698014488</marc:subfield>
   </marc:datafield>
   <marc:datafield ind1=" " ind2=" " tag="500">
      <marc:subfield code="a">Orig. : Deutschland/Norwegen 2017. Sprache: Deutsch (Dolby Digital 5.1), Englisch (Dolby Digital 5.1). Untertitel: Deutsch, Englisch</marc:subfield>
   </marc:datafield>
   <marc:datafield ind1="0" ind2=" " tag="490">
      <marc:subfield code="v">0</marc:subfield>
   </marc:datafield>
   <marc:datafield ind1=" " ind2=" " tag="300">
      <marc:subfield code="a">1 DVD (83 Min.) : farbig</marc:subfield>
   </marc:datafield>
</marc:record>
